000 00379nam a2200109Ia 4500
008 171204s9999 xx 000 0 und d
245 _aCartoon Dragons Drawing: An Easy Step-by-Step Guide for Everyone! (Cartoons for fun! Book 1):
245 _cChristian Powel
260 _c2016
650 _xTraditional Cartoon Animation
856 _uhttp://down.ebook777.com/029/B01L0P6TE4.pdf
999 _c346346
_d346346